Top 15/16 Biggest Countries - Statistics

General Stats
  • This quiz has been taken 10 times
  • The average score is 13 of 16
Answer Stats
Hint Answer % Correct
I dont know Canada
100%
Idk China
100%
Mexico
100%
Idk Russia
100%
Argentina
90%
Brazil
90%
Idk United States
90%
Australia
80%
D.R. Congo
80%
India
80%
Indonesia
80%
Sudan
80%
Algeria
70%
Denmark
60%
Saudi Arabia
60%
Kazakstan
40%
No matching quizzes found
Score Distribution
Percent of People with Each Score
Percentile by Number Answered
Your Score History
You have not taken this quiz